000 00496nam a2200217Ia 4500
003 OSt
005 20221005115906.0
006 a|||||r|||| 00| 0
007 ta
008 221004b |||||||| |||| 00| 0 eng d
024 _a119792
037 _cTextual
040 _aCRL
_cCRL
_beng
041 _2eng
_aeng
100 _aGagne Robert M
245 0 _aCondition of learing
260 _c1970
650 _aEDUCATION
942 _cTEXL
_2cc
999 _c1036242
_d1036242